000 00313nam a22001337a 4500
008 181015b xxu||||| |||| 00| 0 eng d
020 _a9780815192015
041 _aeng
080 _a616.5
100 _a7
101 _aDER
245 _aColor Texbook Of Pediatric Dermatology
_cWeston.WL
942 _2udc
_cBK
999 _c49691
_d49691